Ganadores de la Copa Italia - Estadísticas

Estadísticas generales
  • Esta prueba ha sido intentada 167 veces
    78 desde el último reinicio
  • La puntuación promedio es 65 de 77
Estadísticas de respuestas
Año Campeón % Correcto
1967 A. C. Milan
99%
1972 A. C. Milan
99%
1973 A. C. Milan
99%
1977 A. C. Milan
99%
2003 A. C. Milan
99%
1939 Ambrosiana-Inter
99%
1978 F. C. Internazionale
99%
1982 F. C. Internazionale
99%
2005 F. C. Internazionale
99%
2006 F. C. Internazionale
99%
2010 F. C. Internazionale
99%
2011 F. C. Internazionale
99%
2022 F. C. Internazionale
99%
2023 F. C. Internazionale
99%
1938 Juventus F. C.
96%
1942 Juventus F. C.
96%
1959 Juventus F. C.
96%
1960 Juventus F. C.
96%
1965 Juventus F. C.
96%
1979 Juventus F. C.
96%
1983 Juventus F. C.
96%
1990 Juventus F. C.
96%
1995 Juventus F. C.
96%
2015 Juventus F. C.
96%
2016 Juventus F. C.
96%
2017 Juventus F. C.
96%
2018 Juventus F. C.
96%
2021 Juventus F. C.
96%
2024 Juventus F. C.
96%
1964 A. S. Roma
91%
1969 A. S. Roma
91%
1980 A. S. Roma
91%
1981 A. S. Roma
91%
1984 A. S. Roma
91%
1986 A. S. Roma
91%
1991 A. S. Roma
91%
2007 A. S. Roma
91%
2008 A. S. Roma
91%
1958 S. S. Lazio
86%
1998 S. S. Lazio
86%
2000 S. S. Lazio
86%
2004 S. S. Lazio
86%
2009 S. S. Lazio
86%
2013 S. S. Lazio
86%
2019 S. S. Lazio
86%
1970 Bologna F. C.
83%
1974 Bologna F. C.
83%
1962 S. S. C. Napoli
83%
1976 S. S. C. Napoli
83%
1987 S. S. C. Napoli
83%
2012 S. S. C. Napoli
83%
2014 S. S. C. Napoli
83%
2020 S. S. C. Napoli
83%
1992 Parma F. C.
81%
1999 Parma F. C.
81%
2002 Parma F. C.
81%
1936 Torino F. C.
81%
1943 Torino F. C.
81%
1968 Torino F. C.
81%
1971 Torino F. C.
81%
1993 Torino F. C.
81%
1940 A. C. F. Fiorentina
75%
1961 A. C. F. Fiorentina
75%
1966 A. C. F. Fiorentina
75%
1975 A. C. F. Fiorentina
75%
1996 A. C. F. Fiorentina
75%
2001 A. C. F. Fiorentina
75%
1937 Genoa C. F. C.
74%
2025 Bologna F. C.
68%
1963 Atalanta B. C.
64%
1985 U. C. Sampdoria
55%
1988 U. C. Sampdoria
55%
1989 U. C. Sampdoria
55%
1994 U. C. Sampdoria
55%
1941 F. C. U. Venezia
35%
1997 Vicenza Calcio
6%
1923 F. C. Vado
1%
No se encontraron pruebas coincidentes
Distribución de puntuación
Porcentaje de gente con cada puntuación
Porcentaje por número respondido
Historial de tus puntuaciones
No has intentado esta prueba desde el último reinicio